000 00968nam a22002417a 4500
005 20240305165538.0
007 cr|||| ||||
008 191018c20149999gb dr|w s|||| 0|||b1eng d
035 _a22211
040 _avLex
090 _c9898
_d9898
245 0 0 _aM2 Banking & Credit News (BCN)
_h[Recurso electrónico] /
256 _aServicio en línea
260 _aLondres:
_bNormans Media Ltd.,
_c2014 -
300 _a1 recurso electrónico
310 _aDiaria
506 1 _aDisponible solo en los productos indicados
_dvLex Global
_dvLex Global (Academic Edition, excluding Law Schools)
_dvLex Global (U.S. Academic Edition, Law Schools)
_dvLex Global (U.S. Academic Edition, excluding Law Schools)
_dvLex Global (Academic Edition, Law Schools)
650 0 4 _aMaterias no jurídicas
_zReino Unido
650 0 4 _aEconomía y negocios
_zReino Unido
740 0 _avLex Revistas (Servicio en línea)
856 4 0 _uhttps://app.vlex.com/#/sources/22211
942 _cRAA
999 _c168135
_d168135